[Event "Roquetas de Mar op 35th"]
[Site "Roquetas de Mar"]
[Date "2024.01.03"]
[Round "3"]
[White "Montesinos Diaz, Luis"]
[Black "Garijo Perez, Hugo"]
[Result "0-1"]
[WhiteElo "2050"]
[BlackElo "2270"]
[PlyCount "61"]
[EventDate "2024.01.02"]
[EventType "swiss"]
[EventRounds "9"]
[EventCountry "ESP"]
[SourceTitle "CB02_2024"]
[SourceDate "2024.01.10"]
[SourceVersion "1"]
[SourceVersionDate "2024.01.10"]
[SourceQuality "1"]

1. e4 c5 2. Nf3 e6 3. d4 cxd4 4. Nxd4 a6 5. Bd3 Bc5 6. Nb3 Ba7 7. c4 Nc6 8. Nc3 Nf6 9. 0-0 0-0 10. Qe2 d6 11. Be3 Nb4 12. Bxa7 Rxa7 13. Rad1 b6 14. Bb1 Rd7 15. f4 Qc7 16. a3 Nc6 17. g4 g6 18. Rd3 b5 19. cxb5 axb5 20. g5 Nh5 21. Rh3 b4 22. Rxh5 bxc3 23. Rh3 Qb6+ 24. Qf2 Qxb3 25. Qh4 f5 26. exf5 exf5 27. Rxc3 Qb6+ 28. Kg2 Bb7 29. Qe1 Re7 30. Qd2 Re2+ 31. Kf3 0-1

[Event "Roquetas de Mar op 35th"]
[Site "Roquetas de Mar"]
[Date "2024.01.03"]
[Round "2"]
[White "Perea Fruet, Lorenzo"]
[Black "Montesinos Diaz, Luis"]
[Result "1-0"]
[WhiteElo "2323"]
[BlackElo "2050"]
[PlyCount "89"]
[EventDate "2024.01.02"]
[EventType "swiss"]
[EventRounds "9"]
[EventCountry "ESP"]
[SourceTitle "CB02_2024"]
[SourceDate "2024.01.10"]
[SourceVersion "1"]
[SourceVersionDate "2024.01.10"]
[SourceQuality "1"]

1. e4 c6 2. d4 d5 3. f3 dxe4 4. fxe4 e5 5. Nf3 Bg4 6. c3 Nf6 7. Bc4 Nbd7 8. 0-0 Bd6 9. Bd3 0-0 10. Na3 b5 11. Nc2 Qb6 12. a4 a6 13. Qe1 c5 14. a5 Qa7 15. Qg3 Qc7 16. Qh4 cxd4 17. cxd4 Bxf3 18. gxf3 exd4 19. f4 Nc5 20. e5 Nxd3 21. exf6 Rfc8 22. Qg4 g6 23. Nxd4 Nxc1 24. Raxc1 Bc5 25. Kh1 Qb7+ 26. Nf3 Bd4 27. Rcd1 Bxb2 28. Rd6 Rd8 29. Rb6 Qd5 30. Qg2 Bc3 31. Rc1 Bxa5 32. Rbc6 Qe4 33. Ne5 Qxf4 34. Nxf7 Kxf7 35. Qa2+ Kf8 36. Qxa5 Qf3+ 37. Kg1 Rd1+ 38. Rxd1 Qxd1+ 39. Kf2 Qd4+ 40. Kf1 Qf4+ 41. Kg1 Qe3+ 42. Kf1 Qf3+ 43. Kg1 Qxc6 44. Qa3+ Kf7 45. Qe7+ 1-0

[Event "ESP-chT CECLUB Div2"]
[Site "Linares"]
[Date "2023.08.15"]
[Round "4.4"]
[White "Montesinos Diaz, Luis"]
[Black "Rojo Huerta, Gabriel"]
[Result "1-0"]
[WhiteElo "2068"]
[BlackElo "2354"]
[PlyCount "49"]
[EventDate "2023.08.13"]
[EventType "team-swiss"]
[EventRounds "7"]
[EventCountry "ESP"]
[SourceTitle "EXT 2024"]
[Source "ChessBase"]
[SourceDate "2023.10.10"]
[SourceVersion "1"]
[SourceVersionDate "2023.10.10"]
[SourceQuality "1"]
[WhiteTeam "Manises Eva"]
[BlackTeam "Filantropos Equigoma"]
[WhiteTeamCountry "ESP"]
[BlackTeamCountry "ESP"]

1. e4 c5 2. Nf3 e6 3. d4 cxd4 4. Nxd4 Nf6 5. Nc3 Nc6 6. Be3 Bb4 7. Nxc6 bxc6 8. e5 Nd5 9. Bd2 Qc7 10. f4 Qb6 11. Bd3 Qd4 12. Nxd5 cxd5 13. c3 Qxd3 14. cxb4 Ba6 15. Qf3 Qc2 16. Bc3 0-0 17. Rd1 Rac8 18. Qe3 Rc4 19. Bd4 Rfc8 20. 0-0 Rxb4 21. Rc1 Qa4 22. Rxc8+ Bxc8 23. b3 Qxa2 24. Qc3 Rb8 25. Qc7 1-0

[Event "Calvia Amateur op 19th"]
[Site "Calvia"]
[Date "2022.10.14"]
[Round "7"]
[White "Juan Mas, Santiago"]
[Black "Montesinos Diaz, Luis"]
[Result "0-1"]
[WhiteElo "1893"]
[BlackElo "2075"]
[PlyCount "116"]
[EventDate "2022.10.08"]
[EventType "swiss"]
[EventRounds "9"]
[EventCountry "ESP"]
[SourceTitle "CBM 210 Extra"]
[Source "ChessBase"]
[SourceDate "2022.11.30"]
[SourceVersion "1"]
[SourceVersionDate "2022.11.30"]
[SourceQuality "1"]

1. b3 d5 2. Bb2 Bg4 3. h3 Bh5 4. g4 Bg6 5. Bg2 c6 6. d3 Nd7 7. e3 e5 8. Ne2 h5 9. gxh5 Bxh5 10. Qd2 a5 11. a3 Ngf6 12. Nbc3 Bd6 13. Ng3 Bg6 14. e4 Nb6 15. Nce2 Qc7 16. Qe3 d4 17. Qf3 a4 18. h4 Nh5 19. Bh3 Qe7 20. Nxh5 Bxh5 21. Bg4 g6 22. Bc1 axb3 23. cxb3 Bxg4 24. Qxg4 Bxa3 25. Kf1 Bxc1 26. Rxa8+ Nxa8 27. Nxc1 Nb6 28. Kg2 Nd7 29. Ne2 Kd8 30. Ng3 Nc5 31. h5 gxh5 32. Qg7 Re8 33. Nf5 Qe6 34. Qg5+ f6 35. Qd2 Rg8+ 36. Kf1 Qxb3 37. Qa5+ Kd7 38. Ng3 Qxd3+ 39. Kg2 Qxe4+ 40. Kg1 Nd3 41. Qa2 Qe1+ 42. Kg2 Qe4+ 43. Kh2 Qd5 44. Qb1 Qf3 45. Rg1 Qxf2+ 46. Rg2 Qf3 47. Qxb7+ Kd6 48. Nf5+ Qxf5 49. Rxg8 Qf2+ 50. Rg2 Qf4+ 51. Kg1 Qe3+ 52. Kh2 Nf4 53. Qb8+ Kd5 54. Qg8+ Ke4 55. Rg3 Qe2+ 56. Kg1 Qd1+ 57. Kh2 Qc2+ 58. Kg1 Ne2+ 0-1

[Event "Calvia Amateur op 19th"]
[Site "Calvia"]
[Date "2022.10.10"]
[Round "3"]
[White "Builes Palacio, Santiago"]
[Black "Montesinos Diaz, Luis"]
[Result "1-0"]
[WhiteElo "1882"]
[BlackElo "2075"]
[PlyCount "73"]
[EventDate "2022.10.08"]
[EventType "swiss"]
[EventRounds "9"]
[EventCountry "ESP"]
[SourceTitle "CBM 210 Extra"]
[Source "ChessBase"]
[SourceDate "2022.11.30"]
[SourceVersion "1"]
[SourceVersionDate "2022.11.30"]
[SourceQuality "1"]

1. d4 d5 2. Bg5 Nf6 3. Nd2 e6 4. e3 Be7 5. Bd3 b6 6. c3 Bb7 7. f4 c5 8. Ngf3 c4 9. Bc2 Qc7 10. Ne5 b5 11. a3 Nc6 12. 0-0 h6 13. Bh4 g5 14. fxg5 hxg5 15. Bg3 Qb6 16. Rf2 Rf8 17. Qe2 Nxe5 18. Bxe5 Nd7 19. Raf1 f6 20. Qh5+ Kd8 21. Bg3 f5 22. Nf3 g4 23. Ng5 Nf6 24. Nf7+ Kc8 25. Qg6 Rg8 26. Nd6+ Kd7 27. Qf7 Raf8 28. Qxe6+ Kd8 29. Bxf5 Qc6 30. Be5 a6 31. Nxb7+ Qxb7 32. Bxf6 Bxf6 33. Qd6+ Ke8 34. Be6 Be7 35. Qxd5 Qxd5 36. Bxd5 Rg6 37. Bf7+ 1-0

[Event "ESP-ch U16"]
[Site "Salobrena"]
[Date "2022.07.28"]
[Round "6"]
[White "Montesinos Diaz, Luis"]
[Black "Gomez Arce, Alejandro"]
[Result "0-1"]
[WhiteElo "1949"]
[BlackElo "2111"]
[PlyCount "90"]
[EventDate "2022.07.25"]
[EventType "swiss"]
[EventRounds "9"]
[EventCountry "ESP"]
[SourceTitle "EXT 2023"]
[Source "ChessBase"]
[SourceDate "2022.10.05"]
[SourceVersion "1"]
[SourceVersionDate "2022.10.05"]
[SourceQuality "1"]

1. e4 e5 2. Nf3 Nc6 3. Bb5 a6 4. Ba4 b5 5. Bb3 Na5 6. Nxe5 Nxb3 7. axb3 Qg5 8. Nf3 Qxg2 9. Rg1 Qh3 10. d3 Bb7 11. Bf4 d6 12. Qe2 0-0-0 13. c4 b4 14. Nbd2 h6 15. Nd4 Ne7 16. Nc2 g5 17. Be3 c5 18. d4 Nc6 19. Qg4+ Qxg4 20. Rxg4 Bg7 21. Nf3 cxd4 22. Ncxd4 Rhe8 23. 0-0-0 Nxd4 24. Bxd4 f5 25. Rgg1 Bf8 26. Bb6 Rd7 27. Nd4 fxe4 28. Nc2 d5 29. Ne3 Re6 30. Bd4 dxc4 31. Nxc4 Rf7 32. Bb6 Rd7 33. Bd4 Rc7 34. Kb1 Bc5 35. Be5 Rd7 36. Rc1 Kd8 37. Bh8 Bxf2 38. Rgd1 e3 39. Ne5 Be4+ 40. Ka2 Rxd1 41. Rxd1+ Kc8 42. Rc1+ Kb7 43. Ng4 Bg2 44. Be5 Bh3 45. Rc7+ Kb6 0-1

[Event "ESP-ch U16"]
[Site "Salobrena"]
[Date "2022.07.26"]
[Round "3"]
[White "Moreno Diepa, Diego"]
[Black "Montesinos Diaz, Luis"]
[Result "0-1"]
[WhiteElo "2060"]
[BlackElo "1949"]
[PlyCount "78"]
[EventDate "2022.07.25"]
[EventType "swiss"]
[EventRounds "9"]
[EventCountry "ESP"]
[SourceTitle "EXT 2023"]
[Source "ChessBase"]
[SourceDate "2022.10.05"]
[SourceVersion "1"]
[SourceVersionDate "2022.10.05"]
[SourceQuality "1"]

1. e4 c6 2. d4 d5 3. e5 Bf5 4. h4 Qb6 5. c4 dxc4 6. Nc3 e6 7. Bxc4 h6 8. a4 Bb4 9. Nge2 Ne7 10. Ng3 a5 11. Be3 Qd8 12. Nh5 0-0 13. g4 Bg6 14. g5 Bxh5 15. Qxh5 g6 16. Qf3 h5 17. Ke2 Nf5 18. Rad1 Bxc3 19. bxc3 Nd7 20. Bd3 Nb6 21. Ra1 Nd5 22. Bxf5 exf5 23. Bd2 Ra6 24. Rhb1 Rb6 25. c4 Nb4 26. c5 Nc2 27. Qd3 Nxd4+ 28. Ke3 Rxb1 29. Rxb1 f4+ 30. Kxf4 Qd7 31. Bxa5 Ra8 32. Bc3 Qg4+ 33. Ke3 Qf3+ 34. Kd2 Qxf2+ 35. Kc1 Rd8 36. Qe4 Ne2+ 37. Kb2 Nxc3+ 38. Kxc3 Qxc5+ 39. Qc4 Qe3+ 0-1

[Event "Casabermeja op"]
[Site "Casabermeja"]
[Date "2021.09.10"]
[Round "2"]
[White "Gavilan Diaz, Mario"]
[Black "Montesinos Diaz, Luis"]
[Result "0-1"]
[WhiteElo "2278"]
[BlackElo "1935"]
[PlyCount "84"]
[EventDate "2021.09.09"]
[EventType "swiss"]
[EventRounds "7"]
[EventCountry "ESP"]
[SourceTitle "CBM 204 Extra"]
[Source "ChessBase"]
[SourceDate "2021.11.30"]
[SourceVersion "1"]
[SourceVersionDate "2021.11.30"]
[SourceQuality "1"]

1. c4 e5 2. Nc3 Nc6 3. Nf3 g6 4. g3 Bg7 5. Bg2 d6 6. 0-0 f5 7. d3 Nf6 8. Rb1 0-0 9. b4 Qe7 10. b5 Nd8 11. a4 Ne6 12. Ne1 h5 13. a5 Rb8 14. Nc2 h4 15. a6 f4 16. Nb4 hxg3 17. hxg3 Ng4 18. Ne4 Ng5 19. Nd5 Qd8 20. f3 Nxe4 21. dxe4 fxg3 22. fxg4 Qh4 23. Rxf8+ Bxf8 24. Rb3 Bxg4 25. Qe1 Qh2+ 26. Kf1 Bg7 27. Qxg3 Rf8+ 28. Ke1 Qg1+ 29. Kd2 Bh6+ 30. Ne3 Rf1 31. Qxg4 Bxe3+ 32. Rxe3 Rd1+ 33. Kc3 Rxc1+ 34. Kb4 Rb1+ 35. Rb3 Qe1+ 36. Ka4 Ra1+ 37. Ra3 Qd1+ 38. Kb4 Rb1+ 39. Kc3 Qc1+ 40. Kd3 Qxa3+ 41. Kd2 Qc1+ 42. Kd3 Rb3# 0-1

[Event "ESP-chT CECLUB Div2"]
[Site "Linares"]
[Date "2021.08.10"]
[Round "2.5"]
[White "Montesinos Diaz, Luis"]
[Black "Perdomo Araujo, Angel Eduardo"]
[Result "0-1"]
[WhiteElo "1919"]
[BlackElo "2025"]
[PlyCount "64"]
[EventDate "2021.08.09"]
[EventType "team-swiss"]
[EventRounds "7"]
[EventCountry "ESP"]
[SourceTitle "CBM 203 Extra"]
[Source "ChessBase"]
[SourceDate "2021.09.30"]
[SourceVersion "1"]
[SourceVersionDate "2021.09.30"]
[SourceQuality "1"]
[WhiteTeam "Manises Eva"]
[BlackTeam "Villalba 64 Miscasa"]
[WhiteTeamCountry "ESP"]
[BlackTeamCountry "ESP"]

1. e4 d5 2. exd5 Qxd5 3. Nc3 Qd6 4. d4 Nf6 5. Nf3 Bg4 6. h3 Bxf3 7. Qxf3 c6 8. Be3 e6 9. Rd1 Nbd7 10. a3 Qc7 11. Bd3 Bd6 12. 0-0 0-0 13. Bg5 Qa5 14. Ne4 Nxe4 15. Qxe4 g6 16. Qg4 Rfe8 17. c4 Be7 18. Bd2 Qb6 19. Bc3 Bf6 20. Rfe1 Rad8 21. Bc2 Bg7 22. Ba4 Qc7 23. b4 b5 24. Bb3 Nb6 25. Ba1 bxc4 26. Ba2 Rd7 27. Rc1 Red8 28. Bxc4 Bxd4 29. Bb5 Bxa1 30. Rxc6 Qb8 31. Rxa1 Qe5 32. Rac1 Qxb5 0-1

[Event "ESP-ch U16"]
[Site "Salobrena"]
[Date "2021.07.21"]
[Round "5"]
[White "Maldonado Mena, German"]
[Black "Montesinos Diaz, Luis"]
[Result "1-0"]
[WhiteElo "2015"]
[BlackElo "1816"]
[PlyCount "65"]
[EventDate "2021.07.19"]
[EventType "swiss"]
[EventRounds "9"]
[EventCountry "ESP"]
[SourceTitle "EXT 2022"]
[Source "ChessBase"]
[SourceDate "2021.10.06"]
[SourceVersion "1"]
[SourceVersionDate "2021.10.06"]
[SourceQuality "1"]

1. d4 d5 2. c4 dxc4 3. e3 Nf6 4. Bxc4 e6 5. Nf3 a6 6. 0-0 b5 7. Bd3 Bb7 8. Re1 Be7 9. e4 Nbd7 10. Nc3 c5 11. d5 exd5 12. e5 Ne4 13. Nxe4 dxe4 14. Bxe4 Bxe4 15. Rxe4 Nf8 16. Qe2 Ne6 17. a4 c4 18. Be3 Qa5 19. Nd4 0-0 20. Nxe6 fxe6 21. Qg4 Rf5 22. Bh6 g6 23. Be3 Rd8 24. h4 Kh8 25. Rf4 Rdf8 26. Rxf5 gxf5 27. Qf4 Rg8 28. g3 Rg4 29. Qf3 Re4 30. Qh5 Qc7 31. axb5 axb5 32. Ra8+ Kg7 33. Bh6# 1-0

[Event "Valencia-chT Division Honor"]
[Site "Valencia"]
[Date "2021.07.04"]
[Round "3.7"]
[White "Rubio Tent, Francisco"]
[Black "Montesinos Diaz, Luis"]
[Result "1-0"]
[WhiteElo "2357"]
[BlackElo "1816"]
[PlyCount "52"]
[EventDate "2021.07.03"]
[EventType "team-tourn"]
[EventRounds "3"]
[EventCountry "ESP"]
[SourceTitle "CBM 203 Extra"]
[Source "ChessBase"]
[SourceDate "2021.09.30"]
[SourceVersion "1"]
[SourceVersionDate "2021.09.30"]
[SourceQuality "1"]
[WhiteTeam "Silla Bosch Serinsys"]
[BlackTeam "Manises Eva"]
[WhiteTeamCountry "ESP"]
[BlackTeamCountry "ESP"]

1. e4 c6 2. d4 d5 3. e5 c5 4. dxc5 e6 5. Be3 Nd7 6. c4 dxc4 7. Nf3 Bxc5 8. Bxc5 Nxc5 9. Qxd8+ Kxd8 10. Nc3 b6 11. Bxc4 Bb7 12. 0-0-0+ Ke7 13. b4 Ne4 14. Nxe4 Bxe4 15. Bb5 Rc8+ 16. Kb2 Bd5 17. Ba6 Rc7 18. Rc1 Rd7 19. Rc8 f6 20. Rhc1 Bxf3 21. gxf3 fxe5 22. Kb3 Rd8 23. R1c7+ Kd6 24. a4 g5 25. a5 bxa5 26. bxa5 h5 1-0